| 000 | 01045nam a2200325 a 4500 | ||
|---|---|---|---|
| 001 | 76681 | ||
| 003 | BD-RjUL | ||
| 005 | 20211209082855.0 | ||
| 008 | 200102s1921 gw af b 000 0 ger | ||
| 035 | _a(BD-RjUL)76905 | ||
| 035 | _a(OCoLC)4204089 | ||
| 040 |
_aDLC _cKyLoU _dDLC _dBD-RjUL _beng |
||
| 041 | _aeng | ||
| 042 | _apremarc | ||
| 043 | _aa-io--- | ||
| 082 |
_223 _a732.4 _bCOI 1921 |
||
| 100 | 1 |
_aCohn, William, _d1880-1961. _9237314 |
|
| 245 | 1 | 0 |
_aIndische Plastik / _cvon William Cohn; mit 161 Tafeln und drei Textabbildungen. |
| 260 |
_aBerlin : _bB. Cassirer, _c1921. |
||
| 300 |
_avii, 87, [1] p.: _billus.; _c26 cm. |
||
| 490 | 0 |
_aDie Kunst des Ostens, _vBd. 2 |
|
| 500 | _aMost of the plates are printed on both sides. | ||
| 500 | _aEleven half-titles, dividing the plates into periods, not included in paging. | ||
| 504 | _a"Literatur": p. 87. | ||
| 650 | 0 |
_aSculpture _zEast Indies. _9237315 |
|
| 651 | 0 |
_aEast Indies _xAntiquities. _9237316 |
|
| 942 |
_2ddc _cBK |
||
| 999 |
_c76681 _d76681 |
||